Chemical composition and nutritive value of rubber seed cake (Record no. 47400)
[ view plain ]
| 000 -LEADER | |
|---|---|
| fixed length control field | 01890nam a2200193Ia 4500 |
| 100 ## - MAIN ENTRY--AUTHOR NAME | |
| Personal name | Amrithkumar M N |
| 245 #0 - TITLE STATEMENT | |
| Title | Chemical composition and nutritive value of rubber seed cake |
| 520 ## - SUMMARY, ETC. | |
| Summary, etc | A study was carried out to determine the chemical composition of rubber seed cake and to evaluate its nutritional value. Five adult bullocks were selected and each of them was fed 3 Kg of rubber seed cake to meet their protein requirement and ragi straw, fed ad lib. The study was carried out for a period of 28 days and during the last seven days a metabolism trial was carried out. From the chemical composition it is clear that there is scope for using rubber seed cake as a protein component of the diet. Effective processing can reduce the level of HCN concentration in the cake, there by rendering it safe for feeding animals. The animals did not record any loss in weight. They ingested about 3 Kg of rubber seed cake/day/animal and the dry matter intake was 1.56Kg/100Kg body weight. The average digestibility coefficients of the nutrients and the nutritive value of rubber seed cake are also presented. The study indicated that rubber seed cake can replace coconut cake, linseed cake or cotton seed cake in the ration of dairy animals. Oil was extracted from the seed of rubber (Hevea brasiliensis) and then purified. After purification its different physical and chemcial constants were determined. Higher fatty acids were identified by Urea-inclusion method and by thin layer chromatography. From the cake of the oil ash, protein, reducing sugar and starch contents were determined. |
| 650 ## - SUBJECT ADDED ENTRY--TOPICAL TERM | |
| Topical Term | Cattle feed |
| 650 ## - SUBJECT ADDED ENTRY--TOPICAL TERM | |
| Topical Term | Chemical composition |
| 650 ## - SUBJECT ADDED ENTRY--TOPICAL TERM | |
| Topical Term | Dairy feeds |
| 650 ## - SUBJECT ADDED ENTRY--TOPICAL TERM | |
| Topical Term | Digestibility |
| 650 ## - SUBJECT ADDED ENTRY--TOPICAL TERM | |
| Topical Term | Nutritive value |
| 650 ## - SUBJECT ADDED ENTRY--TOPICAL TERM | |
| Topical Term | Rubber seed |
| 650 ## - SUBJECT ADDED ENTRY--TOPICAL TERM | |
| Topical Term | Rubber seed cake |
| 700 ## - ADDED ENTRY--PERSONAL NAME | |
| Personal name | Sampath S R |
| 942 ## - ADDED ENTRY ELEMENTS (KOHA) | |
| Koha item type | Bibliography RLSE |
| Withdrawn status | Lost status | Damaged status | Not for loan | Home library | Current library | Date acquired | Koha item type |
|---|---|---|---|---|---|---|---|
| Bibliography | RRII Library | RRII Library | 31/12/2021 | Bibliography RLSE |